000 00593nam a2200193Ia 4500
003 GCL
008 140319s9999 xx 000 0 ara d
040 _aGCL /
_cGCL
082 0 4 _a811.5
_bس ش
100 1 _aسعود محمود
245 1 0 _aالشعر فى رحاب سيف الدوله الحمدانى /
_cسعود محمود
300 _a408 ص
490 _aكتاب
_v0
650 0 4 _aالادب العربى
650 0 4 _aالادب العربى - تاريخ
650 0 4 _aالشعر العربى - تاريخ
650 0 4 _aسيف الدوله الحمدانى
942 _2ddc
_cBK
999 _c41611
_d41611